000 00494nam a2200181Ia 4500
005 20250609103918.0
008 008 250516s9999 xx 000 0 eng d
020 _a9789358529289
040 _beng
_cSDCL
041 _aeng
_2eng
084 _aO15,1B2:g(W) R4
100 _aChakravarti, Uma
245 0 _aDying lineage :
_bThe crisis of political power in the Mahabharata
260 _aDelhi:
_bPrimus Books,
_c2024.
300 _axi,248p.
650 _aHistory
942 _cTEXL
_2CC
999 _c1429365
_d1429365